Guess the country! - Statistics

General Stats
  • This quiz has been taken 22 times
  • The average score is 12 of 15
Answer Stats
Hint Answer % Correct
riqa iraq
95%
bizomqumea mozambique
95%
amno oman
95%
surkmenitant turkmenistan
95%
tihia haiti
90%
racunigua nicaragua
90%
vultua tuvalu
85%
argogei georgia
80%
lesira israel
75%
antikspa pakistan
75%
taurismau mauritius
70%
askivalo slovakia
65%
tanmevi vietnam
65%
lanedir ireland
45%
dnalice iceland
40%
No matching quizzes found
Score Distribution
Percent of People with Each Score
Percentile by Number Answered
Your Score History
You have not taken this quiz